000 00571nam a2200193 a 4500
001 1774863791665
003 YourLibrary
005 20260330151550.0
008 260330s1989##################000#0#eng##
020 _a9780820409030
082 0 4 _a355.00924
_bSTE
100 1 _aStebbins, Richard Poate,
_eauthor.
245 1 0 _aThe Career of Herbert Rosinski :
260 _bPeter Lang Incorporated, International Academic Publishers,
_c1989.
300 _a252 pages
650 0 _aBiography & Autobiography.
942 _cENGLISH
040 _aYourLibrary
_beng
_cYourLibrary
999 _c618220
_d618220